Ley de bases y puntos de partida para la libertad de la libertad de los argentinos. Aspectos fiscales (Registro nro. 35911)

Detalles MARC
000 -LEADER
fixed length control field 00375 a2200109 4500
001 - CONTROL NUMBER
control field ART_60111
005 - DATE AND TIME OF LATEST TRANSACTION
control field 20260410162052.0
008 - FIXED-LENGTH DATA ELEMENTS--GENERAL INFORMATION
fixed length control field 260409a
100 1# - MAIN ENTRY--PERSONAL NAME
Personal name Mastandrea, Alberto F.
245 10 - TITLE STATEMENT
Title Ley de bases y puntos de partida para la libertad de la libertad de los argentinos. Aspectos fiscales
773 0# - HOST ITEM ENTRY
Title Impuestos
Related parts - N° 164 (ene. 2024)
Record control number REV45175

No hay ítems disponibles.